Kill the Overseer! (Record no. 48952)

MARC details
000 -LEADER
fixed length control field 01917nam a2200241Ia 4500
000 - LEADER
fixed length control field 02088naaa 00217uu
001 - CONTROL NUMBER
control field https://directory.doabooks.org/handle/20.500.12854/51088
005 - DATE AND TIME OF LATEST TRANSACTION
control field 20211222135717.0
008 - FIXED-LENGTH DATA ELEMENTS--GENERAL INFORMATION
fixed length control field 211013s9999 xx 000 0 und d
042 ## - AUTHENTICATION CODE
Authentication code dc
245 #0 - TITLE STATEMENT
Title Kill the Overseer!
260 ## - PUBLICATION, DISTRIBUTION, ETC.
Name of publisher, distributor, etc. University of Minnesota Press
Date of publication, distribution, etc. 2020
300 ## - PHYSICAL DESCRIPTION
Extent 1 electronic resource (100 p.)
520 ## - SUMMARY, ETC.
Summary, etc. Kill the Overseer! profiles and problematizes digital games that depict Atlantic slavery and gamify slave resistance. In videogames emphasizing plantation labor, the player may choose to commit small acts of resistance like tool-breaking or working slowly. Others dramatically stage the slave's 2019;s choice to flee enslavement and journey northward, and some depict outright violent revolt against the master and his apparatus. In this work, Sarah Juliet Lauro questions whether the reduction of a historical enslaved person to a digital commodity in games such as Mission US, Assassin's 2019;s Creed, and Freedom Cry ought to trouble us as a further commodification of slavery's 2019;s victims, or whether these interactive experiences offer an empowering commemoration of the history of slave resistance. Forerunners is a thought-in-process series of breakthrough digital works. Written between fresh ideas and finished books, Forerunners draws on scholarly work initiated in notable blogs, social media, conference plenaries, journal articles, and the synergy of academic exchange. This is gray literature publishing: where intense thinking, change, and speculation take place in scholarship.
540 ## - TERMS GOVERNING USE AND REPRODUCTION NOTE
Terms governing use and reproduction Creative Commons
653 ## - INDEX TERM--UNCONTROLLED
Uncontrolled term Communication. Mass media
700 1# - ADDED ENTRY--PERSONAL NAME
Personal name Sarah Juliet Lauro
856 ## - ELECTRONIC LOCATION AND ACCESS
Uniform Resource Identifier <a href="https://directory.doabooks.org/handle/20.500.12854/51088">https://directory.doabooks.org/handle/20.500.12854/51088</a>
856 ## - ELECTRONIC LOCATION AND ACCESS
Uniform Resource Identifier <a href="https://muse.jhu.edu/book/81092">https://muse.jhu.edu/book/81092</a>
856 ## - ELECTRONIC LOCATION AND ACCESS
Uniform Resource Identifier <a href="www.oapen.org">www.oapen.org</a>
942 ## - ADDED ENTRY ELEMENTS (KOHA)
Koha item type E-Book
Holdings
Withdrawn status Source of classification or shelving scheme Damaged status Not for loan Home library Current library Date acquired Total Checkouts Date last seen Price effective from Koha item type
  Library of Congress Classification   Not For Loan Directory of Open Access Books Directory of Open Access Books 12/22/2021   12/22/2021 12/22/2021 E-Book

University of Rizal System
Email us at univlibservices@urs.edu.ph

Visit our Website www.urs.edu.ph/library